The Court of Appeal Civil Appeal No. 45 of 1998 Non. Performing Assets Recovery Trust Vs General Parts (U) Ltd. (Record no. 3225)
[ view plain ]
| 000 -LEADER | |
|---|---|
| fixed length control field | 00707nam a22001337a 4500 |
| 008 - FIXED-LENGTH DATA ELEMENTS--GENERAL INFORMATION | |
| fixed length control field | 110617t xxu||||| |||| 00| 0 eng d |
| 010 ## - LIBRARY OF CONGRESS CONTROL NUMBER | |
| LC control number | CACAF54 |
| 245 ## - TITLE STATEMENT | |
| Title | The Court of Appeal Civil Appeal No. 45 of 1998 Non. Performing Assets Recovery Trust Vs General Parts (U) Ltd. |
| 260 ## - PUBLICATION, DISTRIBUTION, ETC. (IMPRINT) | |
| Date of publication, distribution, etc | 1998 |
| 500 ## - GENERAL NOTE | |
| General note | Coram: Hon. Mr. Justice G.M. Okello, J.A<br/> Hon. Mr. Justice S.G. Engwau, J.A. and<br/> Hon. Mr. Justice A. Twinomujuni, J.A.<br/> |
| 500 ## - GENERAL NOTE | |
| General note | Arising out of Civil Application No. 30 of 1998. |
| Withdrawn status | Lost status | Source of classification or shelving scheme | Damaged status | Koha normalized classification for sorting | Not for loan | Location (home branch) | Sublocation or collection (holding branch) | Shelving location | Date acquired | Koha issues (times borrowed) | Koha full call number | Piece designation (barcode) | Koha date last seen | Price effective from | Koha item type |
|---|---|---|---|---|---|---|---|---|---|---|---|---|---|---|---|
| Dewey Decimal Classification | CACAF_54 | Law Development Centre Main Library | Law Development Centre Main Library | Law Reports | 06/17/2011 | CACAF54 | 45/1998/4 | 06/17/2011 | 06/17/2011 | Un Reported Cases | |||||
| Dewey Decimal Classification | CACAF_54 | Law Development Centre Main Library | Law Development Centre Main Library | Law Reports | 06/17/2011 | CACAF54 | 45/1998/5 | 06/17/2011 | 06/17/2011 | Un Reported Cases |
